000 00537nam a2200205Ia 4500
003 OSt
005 20220927104441.0
006 a|||||r|||| 00| 0
007 ta
008 220926b |||||||| |||| 00| 0 eng d
024 _a147767
037 _cReference Collections
040 _aRTL
_cRTL
_beng
041 _2eng
_aeng
082 _a"Y:5.2s.N71, L1"
245 0 _aSeminar on first rsults of the 1971 Census of Indi
260 _c1971
942 _h"Y:5.2s.N71, L1"
_cCC
999 _c687508
_d687508